Matemática 4 /

Guardado en:
Autor Principal: Rojo, Armando O.
Formato: Libro
Publicado: Buenos Aires : El Ateneo, 1981
Edición:3a. ed.
Etiquetas: Agregar Etiqueta
Sin Etiquetas, Sea el primero en etiquetar este registro!
LEADER 00412nam a22001575a 4500
001 CEM.cems005547
005 20060221000000.0
008 130507s1981##################000#0#####d
003 CEMS
082 0 4 |a 510 
100 1 |a Rojo, Armando O. 
245 1 0 |a Matemática 4 / 
250 |a 3a. ed. 
260 |a Buenos Aires :  |b El Ateneo,  |c 1981 
300 |a 3751 p. 
859 |a CEMS  |b BIB. CEMS - 11 de abril  |h 510  |i R638a3/IV  |p 11461.82  |t Ej.1